000 00406nam a2200109Ia 4500
008 171212s9999 xx 000 0 und d
100 _aLoughran, David S.;Heaton, Paul
245 _cLoughran, David S.;Heaton, Paul
_aPost-Traumatic Stress Disorder and the Earnings of Military Reservists
260 _bRAND Corporation
_c2013
650 _aBusiness
856 _uhttp://www.jstor.org/stable/10.7249/j.ctt5hhtrx
999 _c352417
_d352417